Vocabulario de la lengua Rapa Nui. Isla de Pascua. Por Edgardo Martínez. Edición especial del Instituto Central Meteorológico y Geofísico de Chile

Guardat en:
Dades bibliogràfiques
Autor principal: Martínez, Edgardo (autor)
Format: Llibre
Idioma:rapanui
espanyol
Publicat: Santiago Sección Impresiones del Instituto Meteorológico 1913
Edició:2a. ed
Matèries:
Etiquetes: Afegir etiqueta
Sense etiquetes, Sigues el primer a etiquetar aquest registre!

MARC

LEADER 00000nam a2200000 a 4500
001 UCJ4875
003 CL-VaPUC
008 070124e19130000CL |||||||||||||||||rap|d
041 0 7 |a rap  |2 CL-VaPUC 
041 0 7 |a spa  |2 CL-VaPUC 
082 0 4 |a 918.3  |b MAR  |2 21 
100 |a Martínez, Edgardo  |e autor  |9 509342 
245 1 0 |a Vocabulario de la lengua Rapa Nui. Isla de Pascua. Por Edgardo Martínez. Edición especial del Instituto Central Meteorológico y Geofísico de Chile 
250 |a 2a. ed 
300 |a 47 p 
942 |c BK 
945 |d 20070124 00:00:00  |a rinostro 
260 |a Santiago  |b Sección Impresiones del Instituto Meteorológico  |c 1913 
500 |a La copia 3 se encuentra empastada junto a otras monografías en un volumen rotulado Folletos Varios y se ubica en CH 860 FOL 
650 7 |a LENGUA RAPA NUI  |2 CL-VaPUC  |9 260561 
650 7 |a DICCIONARIO CASTELLANO PASCUENSE  |2 CL-VaPUC  |9 509343 
650 7 |a LENGUAS POLINESICAS  |2 CL-VaPUC  |9 504129 
651 0 |a Isla de Pascua  |9 261357 
583 |a last modification  |c 20070124 00:00:00  |k Rodrigo Vera 
999 |c 320990  |d 320988 
952 |0 0  |1 0  |4 0  |6 918_300000000000000_MAR_1913  |7 0  |8 X  |9 399638  |a FDOBUD  |b FDOBUD  |d 2019-11-22  |i 1009176  |o 918.3 MAR 1913  |p 1009176  |r 2019-11-22  |w 2019-11-22  |y BK_X  |k BUD 
952 |0 0  |1 0  |4 0  |6 918_300000000000000_MAR_1913  |7 0  |8 X  |9 399639  |a FDOBUD  |b FDOBUD  |d 2019-11-22  |i 1009184  |o 918.3 MAR 1913  |p 1009184  |r 2019-11-22  |w 2019-11-22  |y BK_X  |k BUD 
952 |0 0  |1 0  |4 0  |6 918_300000000000000_MAR_1913  |7 0  |8 X  |9 399640  |a FDOBUD  |b FDOBUD  |d 2019-11-22  |i 1027298  |o 918.3 MAR 1913  |p 1027298  |r 2019-11-22  |w 2019-11-22  |y BK_X  |k BUD